| 000 | 00000nam##2200000za#4500 |
| 001 | 9.663073 |
| 003 | CaOODSP |
| 005 | 20210615120854 |
| 007 | ta |
| 008 | 150407|2001||||xxc||||| f|0| 0 eng|d |
| 020 | |a0-662-65973-2 |
| 040 | |aCaOODSP|beng |
| 041 | |aeng |
| 041 | |afre |
| 043 | |an-cn--- |
| 086 | 1 |aCi51-103/2001 |
| 110 | 1 |aCanada. |bCitizenship and Immigration Canada. |
| 245 | 14|aThe voices of our people: an activity guide about belonging |
| 260 | |aOttawa - Ontario : |bCitizenship and Immigration Canada |c2001. |
| 300 | |aEnglish text, vi, 30p. ; |c22 cm. |
| 500 | |aGuide for teachers and youth leaders. |
| 546 | |aBilingual |
| 563 | |aSoftcover |
| 590 | |a01-39|b2001-09-28 |
| 690 | 07|aImmigration|2gcpds |
| 690 | 07|aCitizenship|2gcpds |
| 776 | 0#|tThe voices of our people : |w(CaOODSP)9.695618 |
| 776 | 0#|tLes voix de mon pays : |w(CaOODSP)9.639750 |
| 792 | |tLes voix de mon pays: guide d'activités sur le thème de l'appartenance |efre|w(CaOODSP)9.663074 |